000 00879nam a2200277 i 4500
001 000033466
003 DO-SdBNP
005 20260321073642.0
007 ta
008 081201s1935 dr 000 0 spa d
040 _aDO-SdBNP
_bspa
_cBNPHU
_erda
082 _a972.9301
_bB742i
_222
100 1 _a Bosch, Juan,
_d1909-2001
_eautor
_976555
245 1 0 _aIndios :
_bapuntes históricos y leyendas /
_cBosch Juan.
264 _aSanto Domingo :
_bAlfa & Omega,
_c1935.
300 _a126 páginas ;
_c16 cm.
336 _ardacontent
_btexto
_2txt
337 _ardamedia
_bsin mediación
_2n
338 _ardacarrier
_bvolumen
_2nc
500 _aDedicatoria 1935, por Juan Bosch
590 _aInventariado, 2024/DG
650 4 _aIndígenas de las antillas
_zRepública Dominicana
_91048
650 4 _aIndígenas de las antillas
_vFolclor
_91051
910 _aDG
942 _2ddc
_cLBS1
999 _c32957
_d32957